[Event "FRA-ch op-C"]
[Site "Nimes"]
[Date "2018.08.23"]
[Round "6"]
[White "Chemier, Maxime"]
[Black "Guerin, Laurent"]
[Result "1-0"]
[WhiteElo "1626"]
[BlackElo "1538"]
[PlyCount "57"]
[EventDate "2018.08.18"]
[EventType "swiss"]
[EventRounds "9"]
[EventCountry "FRA"]
[SourceTitle "EXT 2020"]
[Source "ChessBase"]
[SourceDate "2019.10.17"]
[SourceVersion "1"]
[SourceVersionDate "2019.10.17"]
[SourceQuality "1"]

1. e4 e6 2. d4 d5 3. e5 c5 4. c3 Nc6 5. Nf3 Bd7 6. Be2 cxd4 7. cxd4 Bb4+ 8. Bd2 Bxd2+ 9. Nbxd2 Nge7 10. 0-0 Nf5 11. Nb3 0-0 12. a3 b6 13. Bd3 Nce7 14. Qd2 Qe8 15. Ng5 Bb5 16. g4 Nh4 17. Bxh7+ Kh8 18. Bd3 f6 19. exf6 Rxf6 20. f4 Bxd3 21. Qxd3 Qg6 22. Qg3 Qh6 23. Rae1 Raf8 24. Nh3 Rg6 25. Ng5 Rgf6 26. Nxe6 Rxe6 27. Rxe6 Qxe6 28. Qxh4+ Kg8 29. Re1 1-0